[Event "Championnat de France - Accession Femini"]
[Site "Belfort - SNPHHUATVS"]
[Date "2010.??.??"]
[Round "9.3"]
[White "Sasu-Ducsoara, Andreea-Teodora"]
[Black "Neuhauser, Salome"]
[Result "1-0"]
[WhiteElo "2227"]
[BlackElo "2054"]
[PlyCount "47"]

1. e4 e6 2. c4 c5 3. Nc3 Nc6 4. Nge2 Nge7 5. d4 cxd4 6. Nxd4 d5 7. cxd5 exd5 8.
exd5 Nxd5 9. Bb5 Nxc3 10. bxc3 Bd7 11. O-O Be7 12. Bxc6 bxc6 13. Qf3 Rc8 14.
Rd1 O-O 15. Nf5 Qe8 16. Rxd7 Qxd7 17. Qg4 Qxf5 18. Qxf5 Bf6 19. Qf3 Rfe8 20.
Bf4 Re6 21. g4 Rce8 22. Rb1 h6 23. Rb7 Re4 24. Bxh6 1-0

[Event "Championnat de France - Accession Femini"]
[Site "Belfort - SNPHHUATVS"]
[Date "2010.??.??"]
[Round "9.4"]
[White "Haussernot, Cecile"]
[Black "Bonvalot, Isabelle"]
[Result "1-0"]
[WhiteElo "1992"]
[BlackElo "1952"]
[PlyCount "113"]

1. e4 d6 2. d4 Nf6 3. Nc3 g6 4. f4 Bg7 5. Nf3 O-O 6. Bd3 Na6 7. O-O c5 8. d5
Rb8 9. a4 Nb4 10. h3 e6 11. dxe6 fxe6 12. g4 d5 13. e5 Nd7 14. h4 c4 15. Be2
Nc5 16. Be3 b6 17. h5 gxh5 18. gxh5 Bh6 19. Nh2 Qh4 20. Bf2 Qxf4 21. Bxc5 Qg3+
22. Kh1 Rxf1+ 23. Qxf1 bxc5 24. Qg1 Qxg1+ 25. Rxg1+ Kf8 26. Ng4 Bd2 27. Nb5 h6
28. Nf6 Bg5 29. Nh7+ Kg7 30. Nxg5 hxg5 31. Rxg5+ Kh7 32. Nc7 Bd7 33. Bg4 Rb6
34. Rg6 Nc6 35. Nxe6 Nxe5 36. Nf8+ Kh8 37. Nxd7 Nxg6 38. Nxb6 Ne5 39. Nxd5 Nxg4
40. Kg2 Kg7 41. Kg3 Ne5 42. Kf4 Nc6 43. Kg5 Nd4 44. c3 Nf3+ 45. Kf5 Kh6 46. Ne3
Kxh5 47. Nxc4 Ne1 48. a5 a6 49. Ke4 Kg5 50. b4 cxb4 51. cxb4 Nc2 52. b5 Nb4 53.
b6 Kf6 54. b7 Nc6 55. Kd5 Nb8 56. Kd6 Kf7 57. Kc7 1-0

[Event "Championnat de France - Accession Femini"]
[Site "Belfort - SNPHHUATVS"]
[Date "2010.??.??"]
[Round "9.5"]
[White "Bismuth, Lea"]
[Black "Vinckier, Delphine"]
[Result "1-0"]
[WhiteElo "1935"]
[BlackElo "1830"]
[PlyCount "95"]

1. e4 e6 2. Qe2 b6 3. g3 Nc6 4. c3 e5 5. Bg2 Bb7 6. d3 Nf6 7. f4 d6 8. Nf3 Qe7
9. a4 a5 10. Na3 Nd7 11. O-O Nc5 12. Qc2 O-O-O 13. Bd2 Na6 14. Rab1 exf4 15.
gxf4 d5 16. e5 g6 17. d4 Kb8 18. f5 h6 19. f6 Qe6 20. Qc1 g5 21. Nc2 Ka7 22.
Qe1 Ncb8 23. Qg3 c5 24. Rfe1 Bc8 25. Na3 Nc7 26. b4 cxb4 27. cxb4 axb4 28. Bxb4
Bxb4 29. Rxb4 Nba6 30. Rb2 Bd7 31. Nb5+ Nxb5 32. axb5 Nc7 33. Bf1 Kb7 34. Rc1
Ra8 35. Nd2 Rhc8 36. Nc4 dxc4 37. Bg2+ Kb8 38. Qf3 Nd5 39. Qxd5 Qxd5 40. Bxd5
c3 41. Rb3 Ra7 42. Bxf7 c2 43. e6 Rc4 44. exd7 Rxd4 45. Rxc2 Rdxd7 46. Be6 Rd1+
47. Kf2 Raa1 48. Rbc3 1-0

[Event "Championnat de France - Accession Femini"]
[Site "Belfort - SNPHHUATVS"]
[Date "2010.??.??"]
[Round "9.6"]
[White "Griggio, Julie"]
[Black "Armas, Lara-Maria"]
[Result "0-1"]
[WhiteElo "1795"]
[BlackElo "1988"]
[PlyCount "114"]

1. e4 c5 2. Nf3 d6 3. c3 Nf6 4. h3 g6 5. Bd3 Bg7 6. Bc2 O-O 7. O-O Nc6 8. d4
cxd4 9. cxd4 e5 10. Nc3 exd4 11. Nxd4 Nxe4 12. Nxc6 Nxc3 13. Nxd8 Nxd1 14. Nxf7
Nxb2 15. Nxd6 Nc4 16. Nxc4 Bxa1 17. Ba3 Bg7 18. Bxf8 Bxf8 19. Bb3 Be6 20. Na5
Bxb3 21. Nxb3 Rc8 22. Rc1 Rxc1+ 23. Nxc1 b5 24. Kf1 Kf7 25. Ke2 Ke6 26. Nb3 Kd5
27. Kd3 Bd6 28. Nd2 a5 29. Ne4 Be5 30. f3 b4 31. g4 a4 32. Kc2 Bg7 33. Ng5 h6
34. Nf7 Kd4 35. Nd8 Ke3 36. f4 Bf6 37. Ne6 Kf3 38. g5 hxg5 39. fxg5 Be7 40. Kb2
Kg3 41. Kc2 Bd6 42. Nd8 Kh4 43. Nf7 Be7 44. Ne5 Kxg5 45. Nd3 Bd6 46. Kb1 Kh4
47. Nf2 Be7 48. Nd3 g5 49. Ne5 Kxh3 50. Nd3 g4 51. Nf2+ Kh4 52. Nxg4 Kxg4 53.
Kc2 Kf4 54. Kd3 Ke5 55. Kd2 Kd4 56. Kc2 Kc4 57. Kb2 Bf6+ 0-1

[Event "Championnat de France - Accession Femini"]
[Site "Belfort - SNPHHUATVS"]
[Date "2010.??.??"]
[Round "10.1"]
[White "Gertosio-Serena, Sophie"]
[Black "Armas, Lara-Maria"]
[Result "0-1"]
[WhiteElo "1810"]
[BlackElo "1988"]
[PlyCount "82"]

1. d4 d5 2. e3 g6 3. f4 Bg7 4. Nf3 b6 5. Nbd2 c5 6. c3 Nh6 7. Bd3 O-O 8. Nf1
Nf5 9. Ng3 Nxg3 10. hxg3 a5 11. Kf2 Bg4 12. Bd2 Nd7 13. Rh4 Nf6 14. Qh1 Qc8 15.
Ne5 Bf5 16. Qb1 Ne4+ 17. Bxe4 Bxe4 18. Qd1 f6 19. Nf3 g5 20. Rh5 g4 21. Ng1 f5
22. Ne2 Qe6 23. b3 a4 24. bxa4 Qc6 25. Rb1 Bxb1 26. Qxb1 e6 27. Rh1 Rxa4 28.
Qb3 Rfa8 29. Ra1 Ra3 30. Qb2 R8a6 31. Nc1 Qa8 32. Qb5 Qc8 33. Rb1 R3a5 34. Qb2
Kf7 35. Ra1 b5 36. Nd3 Bf8 37. c4 b4 38. Qb3 Ra3 39. Ne5+ Kg8 40. Qd1 Rxa2 41.
Rb1 cxd4 0-1

[Event "Championnat de France - Accession Femini"]
[Site "Belfort - SNPHHUATVS"]
[Date "2010.??.??"]
[Round "10.2"]
[White "Vinckier, Delphine"]
[Black "Griggio, Julie"]
[Result "1-0"]
[WhiteElo "1830"]
[BlackElo "1795"]
[PlyCount "67"]

1. e4 e6 2. d4 d5 3. Nc3 Bb4 4. e5 c5 5. Bd2 cxd4 6. Nb5 Bxd2+ 7. Qxd2 Nc6 8.
f4 Qa5 9. Qxa5 Nxa5 10. Nc7+ Kd7 11. Nxa8 b6 12. Bb5+ Nc6 13. Nf3 Bb7 14. Nxb6+
axb6 15. Nxd4 Nge7 16. Nxc6 Bxc6 17. Bxc6+ Nxc6 18. c3 Rc8 19. O-O Na5 20. Rfe1
Nc4 21. b3 Na3 22. Rac1 b5 23. Red1 g6 24. g4 Ke7 25. Kg2 Rc5 26. h4 Rc8 27.
Kf3 Rc5 28. Ke3 Rc8 29. f5 Rc7 30. fxg6 fxg6 31. Rf1 Rc8 32. Rf4 Rc7 33. Kd3
Rc8 34. Rcf1 1-0

[Event "Championnat de France - Accession Femini"]
[Site "Belfort - SNPHHUATVS"]
[Date "2010.??.??"]
[Round "10.3"]
[White "Bonvalot, Isabelle"]
[Black "Bismuth, Lea"]
[Result "0-1"]
[WhiteElo "1952"]
[BlackElo "1935"]
[PlyCount "48"]

1. e4 e5 2. Nc3 Nf6 3. g3 c6 4. d4 Bb4 5. Bg2 d6 6. Nge2 O-O 7. O-O Bg4 8. h3
Bh5 9. Qd3 Nbd7 10. a3 Ba5 11. b4 Bb6 12. Bb2 exd4 13. Nxd4 Ne5 14. Nxc6 bxc6
15. Qa6 Re8 16. g4 Bxg4 17. Na4 Nf3+ 18. Kh1 Nxe4 19. Nxb6 axb6 20. Qd3 Qh4 21.
Rae1 Nxf2+ 22. Rxf2 Rxe1+ 23. Rf1 Qg3 24. Bxf3 Bxf3+ 0-1

[Event "Championnat de France - Accession Femini"]
[Site "Belfort - SNPHHUATVS"]
[Date "2010.??.??"]
[Round "10.4"]
[White "Neuhauser, Salome"]
[Black "Haussernot, Cecile"]
[Result "1/2-1/2"]
[WhiteElo "2054"]
[BlackElo "1992"]
[PlyCount "86"]

1. Nf3 Nf6 2. g3 g6 3. b4 Bg7 4. Bb2 O-O 5. Bg2 d6 6. c4 e5 7. d3 Nc6 8. b5 Ne7
9. Nc3 Be6 10. Ng5 c6 11. Nxe6 fxe6 12. O-O Qd7 13. Qb3 h5 14. h3 Rad8 15. Rab1
c5 16. Rfd1 b6 17. a4 d5 18. Ra1 d4 19. Nb1 Nf5 20. Nd2 Nd6 21. a5 Qc7 22. axb6
axb6 23. Ra4 Bh6 24. Nf1 e4 25. Rda1 Nb7 26. Qc2 Na5 27. dxe4 e5 28. R1a3 Ne8
29. Bc1 Bxc1 30. Qxc1 Nd6 31. Nd2 Qf7 32. Rf3 Qe6 33. Kh2 Rxf3 34. Bxf3 Kg7 35.
g4 h4 36. Qc2 Qf7 37. Kg2 Rf8 38. Qd3 g5 39. Kg1 Kh6 40. Kg2 Kg7 41. Qc2 Kh6
42. Qa2 Kg7 43. Kg1 Kh7 1/2-1/2

[Event "Championnat de France - Accession Femini"]
[Site "Belfort - SNPHHUATVS"]
[Date "2010.??.??"]
[Round "10.5"]
[White "Rigolot, Lucie"]
[Black "Sasu-Ducsoara, Andreea-Teodora"]
[Result "0-1"]
[WhiteElo "1902"]
[BlackElo "2227"]
[PlyCount "76"]

1. e4 c5 2. Nf3 Nc6 3. d4 cxd4 4. Nxd4 g6 5. Be3 Bg7 6. Nc3 Nf6 7. f3 O-O 8.
Nb3 d6 9. Qd2 a5 10. a4 Be6 11. Be2 d5 12. Nd4 Nxd4 13. Bxd4 dxe4 14. fxe4 Nxe4
15. Nxe4 Qxd4 16. Qxd4 Bxd4 17. c3 Be3 18. Bf3 Rfd8 19. Ke2 Bb6 20. Nd2 Rd7 21.
Rhd1 Rad8 22. b4 Rc8 23. Rac1 f5 24. bxa5 Bxa5 25. c4 b6 26. h3 Rcd8 27. Nb1
Rxd1 28. Rxd1 Bxc4+ 29. Kf2 Rxd1 30. Bxd1 Bb4 31. g4 Kf7 32. Bf3 Bd3 33. Bd5+
Kf6 34. Ba2 Bc2 35. Ke2 Bxa4 36. Nd2 Bxd2 37. Kxd2 fxg4 38. hxg4 Bd7 0-1

[Event "Championnat de France - Accession Femini"]
[Site "Belfort - SNPHHUATVS"]
[Date "2010.??.??"]
[Round "10.6"]
[White "Choisy, Mathilde"]
[Black "Benmesbah, Natacha"]
[Result "1/2-1/2"]
[WhiteElo "2168"]
[BlackElo "2165"]
[PlyCount "25"]

1. d4 d5 2. c4 c6 3. cxd5 cxd5 4. Nf3 Nf6 5. Nc3 Nc6 6. Bf4 Bf5 7. e3 e6 8. Bd3
Bxd3 9. Qxd3 Bd6 10. Bxd6 Qxd6 11. O-O O-O 12. a3 a6 13. Rac1 1/2-1/2

[Event "Championnat de France - Accession Femini"]
[Site "Belfort - SNPHHUATVS"]
[Date "2010.??.??"]
[Round "11.1"]
[White "Benmesbah, Natacha"]
[Black "Gertosio-Serena, Sophie"]
[Result "1-0"]
[WhiteElo "2165"]
[BlackElo "1810"]
[PlyCount "93"]
[EventDate "2010.??.??"]

1. e4 c6 2. c4 d5 3. cxd5 cxd5 4. exd5 Nf6 5. Qa4+ Nbd7 6. Nc3 g6 7. Bc4 Bg7 8.
d3 O-O 9. Nf3 Nc5 10. Qa3 b6 11. b4 Nxd3+ 12. Bxd3 Nxd5 13. Nxd5 Bxa1 14. Ne3
Bb7 15. Be2 Qc7 16. O-O Qc3 17. b5 Qxa3 18. Bxa3 Bf6 19. Ng4 Rfc8 20. Nxf6+
exf6 21. Nd4 a6 22. Be7 axb5 23. a3 Re8 24. Bb4 Rad8 25. Bxb5 Re5 26. Nc6 Bxc6
27. Bxc6 Kg7 28. Bf3 Rc8 29. Rd1 Re6 30. h3 h5 31. Rd7 Rc1+ 32. Kh2 Rc2 33. Bd5
Ree2 34. Rxf7+ Kh8 35. Rxf6 Rxf2 36. Rxg6 Rf4 37. Rg5 h4 38. Bd6 Rff2 39. Be4
Rc5 40. Bxc5 bxc5 41. Rxc5 Ra2 42. Ra5 Kg7 43. Ra6 Re2 44. Bd3 Rd2 45. Bb5 Rb2
46. a4 Kf7 47. Rc6 1-0

[Event "Championnat de France - Accession Fémini"]
[Site "Belfort - SNPHHUATVS"]
[Date "2010.??.??"]
[Round "11.2"]
[White "Sasu-Ducsoara, Andreea-Teodora"]
[Black "Choisy, Mathilde"]
[Result "1-0"]
[WhiteElo "2227"]
[BlackElo "2168"]
[PlyCount "173"]
[EventDate "2010.??.??"]

1. e4 c5 2. Nf3 Nc6 3. d4 cxd4 4. Nxd4 e5 5. Nb5 d6 6. N1c3 a6 7. Na3 b5 8. Nd5
Nge7 9. Bg5 h6 10. Bxe7 Nxe7 11. c4 Nxd5 12. Qxd5 Qa5+ 13. Kd1 Rb8 14. cxb5
Qa4+ 15. Nc2 Bb7 16. Qc4 Qxc4 17. Bxc4 Bxe4 18. bxa6 d5 19. Bf1 Bc5 20. f3
Bxc2+ 21. Kxc2 Bd4 22. Rb1 Kd7 23. b4 Rhc8+ 24. Kb3 Kd6 25. a3 Rc3+ 26. Ka4 Bb6
27. Bb5 f5 28. Rhd1 Rbc8 29. Bd3 Ke6 30. Rb3 e4 31. fxe4 fxe4 32. Be2 Ke5 33.
Bg4 R8c7 34. Rxc3 Rxc3 35. Kb5 Ba7 36. a4 e3 37. Rf1 Rc7 38. a5 d4 39. Be2 Ke4
40. Rd1 Rc3 41. Bf3+ Ke5 42. Ka4 d3 43. b5 Rc4+ 44. Kb3 Kd4 45. Rxd3+ Kxd3 46.
Be2+ Kxe2 47. Kxc4 Kf2 48. b6 e2 49. bxa7 e1=Q 50. a8=Q Qe2+ 51. Kc5 Qe7+ 52.
Kd5 Qd7+ 53. Ke5 Qe7+ 54. Kd4 Qb4+ 55. Kd5 Qb3+ 56. Kd6 Qb4+ 57. Ke6 Qg4+ 58.
Kf7 Qd7+ 59. Kg8 g5 60. Qe4 Qc8+ 61. Kg7 Qxa6 62. Qd5 g4 63. Kh7 Kg1 64. h4
gxh3 65. gxh3 Kh2 66. h4 Kh3 67. h5 Kh4 68. Kg7 Qa7+ 69. Kxh6 Qa6+ 70. Kg7 Qa7+
71. Kf6 Qa6+ 72. Ke7 Qa7+ 73. Kf6 Qa6+ 74. Ke7 Qa7+ 75. Ke8 Qa6 76. Qf5 Qa8+
77. Kf7 Qb7+ 78. Kf6 Qb2+ 79. Kg6 Qg2+ 80. Kh6 Qc6+ 81. Kg7 Qc7+ 82. Kg6 Qg3+
83. Kh6 Qe3+ 84. Kg7 Qe7+ 85. Qf7 Qg5+ 86. Kh7 Qxa5 87. h6 1-0

[Event "Championnat de France - Accession Femini"]
[Site "Belfort - SNPHHUATVS"]
[Date "2010.??.??"]
[Round "11.3"]
[White "Haussernot, Cecile"]
[Black "Rigolot, Lucie"]
[Result "0-1"]
[WhiteElo "1992"]
[BlackElo "1902"]
[PlyCount "108"]
[EventDate "2010.??.??"]

1. e4 c5 2. Nf3 d6 3. d4 cxd4 4. Nxd4 Nf6 5. Nc3 a6 6. h3 b5 7. g4 b4 8. Nd5
Bb7 9. Nxf6+ gxf6 10. Bg2 Nc6 11. Be3 Qc7 12. Qd2 Nxd4 13. Bxd4 a5 14. O-O Rc8
15. Rac1 e5 16. Be3 Qc4 17. c3 b3 18. axb3 Qxb3 19. Rfd1 h5 20. g5 fxg5 21.
Bxg5 Qe6 22. Qd3 Rg8 23. Bh4 Qg6 24. Qb5+ Bc6 25. Qf1 Qxe4 26. Bg3 Qxg2+ 27.
Qxg2 Bxg2 28. Kxg2 h4 29. Ra1 f5 30. Rxa5 f4 31. Rd3 hxg3 32. f3 Rg7 33. b4
Rgc7 34. Ra3 Ke7 35. h4 Kf6 36. Kh3 Kf5 37. Kg2 Be7 38. b5 Rc5 39. Ra7 R8c7 40.
Ra8 Rxb5 41. Rd2 Bxh4 42. Rxd6 Be7 43. Rd2 Rbc5 44. Rh8 Rxc3 45. Rh5+ Kf6 46.
Kh3 Rxf3 47. Kg4 Rf2 48. Rd1 g2 49. Rg1 Rc3 50. Rh6+ Kg7 51. Re6 Rg3+ 52. Kf5
Kf7 53. Rxe5 Rg5+ 54. Ke4 Re2+ 0-1

[Event "Championnat de France - Accession Femini"]
[Site "Belfort - SNPHHUATVS"]
[Date "2010.??.??"]
[Round "11.4"]
[White "Bismuth, Lea"]
[Black "Neuhauser, Salome"]
[Result "0-1"]
[WhiteElo "1935"]
[BlackElo "2054"]
[PlyCount "76"]
[EventDate "2010.??.??"]

1. d4 Nf6 2. c4 e6 3. Nc3 Bb4 4. Qc2 Nc6 5. e3 e5 6. d5 Nb8 7. Bd3 c6 8. Bd2 d6
9. Nge2 Nbd7 10. a3 Bxc3 11. Nxc3 Nc5 12. Be2 a5 13. b3 e4 14. O-O Bf5 15. b4
Ncd7 16. Rfe1 Ne5 17. Qb3 Nfg4 18. f3 exf3 19. gxf3 Nxh2 20. Kxh2 Qh4+ 21. Kg1
Qg3+ 22. Kh1 Nxf3 23. Bxf3 Qxf3+ 24. Kg1 Qg3+ 25. Kf1 Bd3+ 26. Ne2 Qf3+ 27. Kg1
Bxe2 28. Rxe2 Qxe2 29. Qc3 Qg4+ 30. Kf2 Qf5+ 31. Ke2 Kd7 32. dxc6+ bxc6 33.
bxa5 Rhe8 34. Rg1 g6 35. Rf1 Qg4+ 36. Kd3 Qe4+ 37. Ke2 f5 38. Rf4 Qxf4 0-1

[Event "Championnat de France - Accession Femini"]
[Site "Belfort - SNPHHUATVS"]
[Date "2010.??.??"]
[Round "11.5"]
[White "Griggio, Julie"]
[Black "Bonvalot, Isabelle"]
[Result "1/2-1/2"]
[WhiteElo "1795"]
[BlackElo "1952"]
[PlyCount "85"]
[EventDate "2010.??.??"]

1. e4 g6 2. d4 Bg7 3. Nf3 d6 4. Bd3 a6 5. O-O b5 6. a4 b4 7. c3 bxc3 8. Nxc3
Bg4 9. Be3 Nd7 10. h3 Bxf3 11. Qxf3 e5 12. d5 Ne7 13. Qe2 Qc8 14. b4 O-O 15. b5
f5 16. f3 axb5 17. Bxb5 Qd8 18. a5 Nb8 19. Qc4 Kh8 20. a6 Nd7 21. Na2 Nb6 22.
Qe2 c5 23. dxc6 d5 24. Bc5 Qc7 25. Nc3 fxe4 26. fxe4 Rxf1+ 27. Rxf1 Nxc6 28.
Nxd5 Nxd5 29. exd5 Nd4 30. Bxd4 exd4 31. Qc4 Qxc4 32. Bxc4 Rc8 33. a7 d3 34.
Bxd3 Bd4+ 35. Kh1 Bxa7 36. Bb5 Bb8 37. Bc6 Kg7 38. g4 Rf8 39. Rxf8 Kxf8 40. Kg2
Ke7 41. Kf3 Kf6 42. h4 h6 43. Bd7 1/2-1/2

[Event "Championnat de France - Accession Femini"]
[Site "Belfort - SNPHHUATVS"]
[Date "2010.??.??"]
[Round "11.6"]
[White "Armas, Lara-Maria"]
[Black "Vinckier, Delphine"]
[Result "1-0"]
[WhiteElo "1988"]
[BlackElo "1830"]
[PlyCount "113"]
[EventDate "2010.??.??"]

1. d4 e6 2. c4 Nf6 3. Nc3 Bb4 4. Qc2 d5 5. e3 O-O 6. a3 Bxc3+ 7. bxc3 b6 8.
cxd5 exd5 9. Bd3 c5 10. dxc5 bxc5 11. c4 Bb7 12. f3 Nbd7 13. cxd5 Bxd5 14. Nh3
Ne5 15. Be2 Rc8 16. O-O Qc7 17. e4 Bb7 18. Be3 a5 19. Rac1 c4 20. Qb2 Ba6 21.
Qb6 Qxb6 22. Bxb6 a4 23. Nf2 Nfd7 24. Bd4 Nc6 25. Be3 Na5 26. Rfd1 Nc5 27. Rd6
Nab3 28. Rc3 Bb5 29. Rb6 Rb8 30. Rxb8 Rxb8 31. Bxc4 Be8 32. Nd3 Nd7 33. Nb4 Na5
34. Be2 Nf6 35. Kf2 h6 36. h4 Nb3 37. g4 Nh7 38. g5 hxg5 39. hxg5 Nf8 40. f4
Rd8 41. Nd5 Ng6 42. Rc7 Kf8 43. Bh5 Bd7 44. Be2 Ne7 45. Nxe7 Kxe7 46. Bb5 Ke8
47. Rxd7 Rxd7 48. Bxa4 Ke7 49. Bxd7 Kxd7 50. Ke2 Na5 51. Kd3 Nb7 52. f5 g6 53.
fxg6 fxg6 54. Kd4 Nd6 55. a4 Ke6 56. a5 Nb5+ 57. Kc5 1-0